000 00827cam a22002537i 4500
001 3787
005 20240507143917.0
020 _a9780545390569
040 _aDLC
_beng
_erda
_cDLC
_dDLC
050 0 0 _a658.041
100 1 _aOtfinoski, Steven
_eauthor
245 1 0 _aMaking money for kids :
_cby Steven Otfinoski.
_bSimple tips for making and saving money /
250 _aFirst edition , September 2011
260 _aNew York :
_bScholastic ;
_c2011
300 _a30 pages :
_bcolor illustrations ;
_c20 cm .
505 _aZ
520 _aSimple tips for making and saving money.
521 _a910
_bLexile
521 _aZ
_bRaz-Plus
650 0 _aFinance, Personal
_vJuvenile literature.
650 0 _aMoney
_vJuvenile literature.
906 _a7
_bcbc
_corignew
_d4
_encip
_f20
_gy-gencatlg
942 _2ddc
_cBK
_n0
999 _c3787
_d3787